[Event "9th London Chess Classic 2017"]
[Site "London"]
[Date "2017.12.09"]
[Round "7"]
[White "Karjakin, Sergey"]
[Black "Vachier-Lagrave, Maxime"]
[Result "0-1"]
[WhiteElo "2760"]
[BlackElo "2789"]
[Annotator "TA"]
[PlyCount "118"]
[EventDate "2017.??.??"]
[EventCountry "ENG"]
[SourceTitle "playchess.com"]
[Source "ChessBase"]
[SourceQuality "1"]

{[%evp 26,118,30,33,49,0,0,0,0,0,0,0,0,0,0,0,0,0,22,0,0,0,0,0,0,0,0,0,0,-13,0,-12,-25,-17,0,0,0,-11,-12,-25,-13,-41,-20,-28,-33,-24,-17,-42,-31,-51,-51,-51,-51,-64,-59,-85,-74,-54,-57,-54,-54,-50,-53,-81,-81,-88,-81,-80,-80,-74,-80,-112,-91,-112,-117,-116,-96,-99,-91,-95,-95,-95,-93,-93,-93,-132,-133,-135,-130,-133,-144,-130,-137,-155,-128]} 1. e4 c5 2. Nf3 d6 3. d4 cxd4 4. Nxd4 Nf6 5. Nc3 a6 6. Bg5 e6 7. f4 h6 8. Bh4 Qb6 9. a3 Be7 {B96: Sicilian Najdorf: 6 Bg5 e6 7 f4, lines other than 7...Qb6 and 7...Be7} 10. Bf2 Qc7 11. Qf3 Nbd7 12. O-O-O b5 13. g4 Bb7 14. Bg2 {LiveBook: 11 Games} (14. h4 Nc5 15. Bd3 h5 16. g5 Ng4 17. Rhg1 {½-½ (31) Giri,A (2762)-Vachier Lagrave,M (2796) Palma de Mallorca 2017}) 14... g5 15. h4 gxf4 16. g5 Ne5 17. Qxf4 {[#]} hxg5 $146 18. hxg5 Rxh1 $1 19. Rxh1 Nfd7 $1 20. Kb1 O-O-O 21. Rh3 Kb8 22. Be3 Rg8 {[%cal Bd8g8,Bg8g7,Bg7h7][%mdl 32]} 23. Rg3 Rg7 24. Bh3 {And now Bxe6! would win.} Rh7 25. Qf2 Nc5 26. Bg2 Qc8 27. Bc1 Bd8 28. Nf3 Ng6 (28... Nxe4 $2 29. Nxe4 Bxe4 30. Nxe5 $18) (28... Bxe4 $2 29. Nxe5 Bxg2 30. Nxf7 $18) 29. Nd4 Ne5 30. Nf3 Ng6 ({Don't go for} 30... Nxe4 $2 31. Nxe4 Bxe4 32. Nxe5 $18) (30... Bxe4 $2 31. Nxe5 Bxg2 32. Nxf7 $18) 31. Nd4 Bb6 32. Be3 Ne5 33. b3 Rh4 34. Nde2 Qc7 $36 {[%mdl 2048] Black has some pressure.} 35. Bd4 Ncd7 36. Bxb6 Qxb6 ({Much weaker is} 36... Nxb6 $6 37. Nxb5 $1 {[%mdl 512]} Qc5 38. Nbd4 $16 (38. Qxc5 dxc5 39. Nd6 Bc6 $11)) 37. Qxb6 Nxb6 38. Nd4 Ng6 39. Kc1 Nd7 40. Kd2 Nf4 {Hoping for ...Rh2.} 41. Ke3 Nxg2+ 42. Rxg2 Rh3+ 43. Kd2 Ne5 44. Nde2 Nf3+ 45. Kc1 Nh4 $1 {[%cal Rh4g2]} 46. Rg1 Ng6 47. Kd2 Kc7 48. Nd4 Kd7 49. Rf1 Ke7 50. Rg1 Ne5 51. Rg2 Ba8 52. Nde2 Nf3+ 53. Kc1 Rh1+ 54. Kb2 Nh4 55. Rg4 {[#]} Ng6 $1 56. Nf4 {[#]} Nxf4 $1 57. Rxf4 Rg1 58. Rh4 Rxg5 59. Kc1 d5 {Precision: White = 67%, Black = 85%.} 0-1

[Event "9th London Chess Classic 2017"]
[Site "London"]
[Date "2017.12.09"]
[Round "7"]
[White "Nepomniachtchi, Ian"]
[Black "Anand, Viswanathan"]
[Result "1-0"]
[WhiteElo "2729"]
[BlackElo "2782"]
[Annotator "TA"]
[PlyCount "73"]
[EventDate "2017.??.??"]
[EventCountry "ENG"]
[SourceTitle "playchess.com"]
[Source "ChessBase"]
[SourceQuality "1"]

{[%evp 9,73,13,20,17,3,-24,-18,-29,0,-8,-7,-8,9,0,33,0,11,7,54,52,54,62,56,12,26,0,0,-29,-18,-18,-30,-24,-16,-43,0,0,0,-24,14,8,13,10,10,10,10,11,8,14,3,18,9,15,134,133,147,170,200,184,246,249,224,0,161,171,375,354]} 1. c4 Nf6 2. Nc3 e6 3. Nf3 d5 4. e3 a6 (4... Be7 5. b3 O-O 6. Bb2 Ne4 7. Qc2 Nxc3 8. Bxc3 Nd7 9. Bd3 g6 10. h4 Bf6 11. cxd5 exd5 12. h5 Bxc3 13. Qxc3 Qf6 14. Rc1 Qxc3 15. Rxc3 {½-½ (46) Khismatullin,D (2628)-Fedoseev,V (2733) Sochi 2017}) 5. b3 Bd6 6. Bb2 {A17: English Opening: 1...Nf6 with ...Bb4} O-O 7. g4 $146 ({Predecessor:} 7. d4 b6 8. Bd3 Bb7 9. O-O Nbd7 10. Qc2 dxc4 11. bxc4 Bxf3 12. gxf3 c5 13. Ne4 Nxe4 14. fxe4 cxd4 15. exd4 Bf4 16. e5 Qh4 17. f3 Rad8 18. Rae1 {0-1 (39) Dordzhieva,D (2272)-Girya,O (2459) Sochi 2015}) 7... Nxg4 8. Rg1 {The position is equal.} f5 9. cxd5 e5 10. h3 Nf6 11. Ng5 Qe7 12. Qf3 (12. Ne6 $5 Bxe6 13. dxe6 $11) 12... Kh8 13. Ne6 Bxe6 14. dxe6 Qxe6 15. Qxb7 Nbd7 16. Bc4 Qe7 17. Qg2 Nb6 18. Be2 a5 19. Bb5 Rad8 20. Qg5 g6 21. Qh6 {Black should prevent Rxg6.} Ng8 22. Qg5 Nf6 23. Rd1 (23. Qh6 $5 {[%cal Rg1g6]}) 23... e4 24. Qh6 Rg8 $1 25. Ne2 $1 Be5 26. Bxe5 $1 Qxe5 27. Nf4 $1 {[%cal Rf4g6]} g5 $132 {[%mdl 2048] Black is fighting back} 28. Rxg5 Rxg5 29. Qxg5 {[#] Black must now prevent Nh5.} Rg8 30. Qh6 Rg7 (30... Rg1+ $11 {keeps the balance.} 31. Bf1 Nbd7) 31. Bc4 Nxc4 32. bxc4 Qb2 33. Ke2 a4 (33... Qb6 {might work better.} 34. Rb1 Qxb1 35. Qxf6 h6 36. Qxh6+ Kg8 37. Qe6+ Rf7 38. Qe8+ Rf8 39. Qe6+ Kh7) 34. Ne6 $18 {[%csl Ge6][%cal Rh6g7]} Rf7 35. Nf4 Rg7 $1 {[#]} 36. a3 $1 {[%mdl 512]} Ne8 $2 (36... Qb6 {was called for.} 37. Rb1 Qxb1 38. Qxf6 h6 39. Qxh6+ Kg8 40. Qe6+ Rf7 41. Qe8+ Rf8 42. Qe6+ (42. Qxa4 Qh1 $11) 42... Kh7 43. Qe7+ Kg8 44. Qe6+ (44. Qxc7 Qh1 $14) 44... Kh7 45. Qg6+ Kh8 46. Qh6+ Kg8 47. Qg5+ Kh7 48. Qh4+ Kg8 49. Qg5+ Kh7 50. Qh5+ Kg8 51. Qg5+) (36... Qxa3 37. Qxf6) 37. Qc6 {Precision: White = 70%, Black = 52%.} 1-0

[Event "9th London Chess Classic 2017"]
[Site "London"]
[Date "2017.12.10"]
[Round "8"]
[White "Carlsen, Magnus"]
[Black "Nepomniachtchi, Ian"]
[Result "0-1"]
[WhiteElo "2837"]
[BlackElo "2729"]
[Annotator "TA"]
[PlyCount "80"]
[EventDate "2017.??.??"]
[EventCountry "ENG"]
[SourceTitle "playchess.com"]
[Source "ChessBase"]
[SourceQuality "1"]

{[%evp 11,80,8,10,12,10,22,12,0,25,29,35,28,29,23,30,12,25,23,18,0,0,0,11,0,0,0,0,0,0,0,-2,0,-8,-12,0,0,8,0,109,41,29,42,41,5,16,16,29,24,88,66,68,0,0,0,0,-22,-22,-63,-61,-65,-65,-268,-285,-264,-281,-279,-268,-271,-270,-283,-278]} 1. Nf3 c5 2. c3 d5 3. d4 cxd4 4. cxd4 Nc6 5. Nc3 Nf6 6. Bf4 Nh5 7. Bd2 {D13: Slav Defence: Exchange variation without ...Bf5} Nf6 8. e3 e6 9. Bd3 {The position is equal.} Bd6 10. e4 dxe4 11. Nxe4 Be7 12. O-O O-O 13. Qc2 h6 14. Rad1 Bd7 15. a3 Rc8 {[#]} 16. Nc3 $146 ({Predecessor:} 16. Qb1 Qb6 17. b4 Nxe4 18. Bxe4 Bf6 19. Be3 Qc7 {½-½ (49) Safarli,E (2620)-Mammadov,Z (2442) Baku 2012}) 16... a6 17. Qc1 Re8 18. Rfe1 Bf8 19. Bf4 b5 20. Qd2 b4 21. axb4 Nxb4 22. Ne5 Nxd3 23. Qxd3 a5 24. Qf3 Bb4 {[#]} (24... Qe7 $11) 25. Re3 (25. Bxh6 $1 $16 {[%mdl 512]} Bxc3 (25... gxh6 26. Ne4) 26. Bxg7 Kxg7 27. bxc3) 25... Bxc3 $14 26. bxc3 Ba4 27. Ra1 Bc2 $1 28. h3 Bf5 29. g4 Bh7 (29... Bg6 $11 {remains equal.}) 30. c4 Nd7 {[%cal Bf6d7,Bd7b6,Bb6a4][%mdl 32]} 31. Nc6 (31. c5 $1 $14) 31... Qf6 $1 $11 {Hoping for ...g5.} 32. Nxa5 Nb6 33. c5 Rxc5 $1 34. dxc5 Qxa1+ 35. Kh2 Qxa5 36. Qc6 $2 ({White must play} 36. cxb6 $15 Qxb6 37. Rc3) 36... Qa4 $19 {Black has a decisive advantage.} 37. Qxa4 Nxa4 38. c6 {If only White now had time for Rb3....} Nb6 39. c7 f6 {...e5 is the strong threat.} 40. Rb3 {[#]} Nc8 $1 {Precision: White = 48%, Black = 80%.} 0-1

[Event "9th London Chess Classic 2017"]
[Site "London"]
[Date "2017.12.10"]
[Round "8"]
[White "Vachier-Lagrave, Maxime"]
[Black "Anand, Viswanathan"]
[Result "1/2-1/2"]
[WhiteElo "2789"]
[BlackElo "2782"]
[Annotator "TA"]
[PlyCount "53"]
[EventDate "2017.??.??"]
[EventCountry "ENG"]
[SourceTitle "playchess.com"]
[Source "ChessBase"]
[SourceQuality "1"]

{[%evp 19,53,4,-5,-6,25,25,20,20,34,17,24,0,5,0,2,5,24,-10,0,0,0,0,0,0,0,0,0,0,0,0,0,0,0,-6,0,-18]} 1. e4 e5 2. Nf3 Nc6 3. Bc4 Bc5 4. c3 Nf6 5. d3 O-O 6. O-O d5 7. exd5 Nxd5 8. a4 {C54: Italienische Partie (Hauptvariante)} a6 9. Re1 Bg4 10. h3 Bh5 {LiveBook: 3 Partien} 11. Nbd2 f6 12. Ne4 Ba7 $146 ({Vorgänger:} 12... Bb6 13. Be3 Kh8 14. Bxb6 Nxb6 15. Bb3 Nd5 {½-½ (29) Vachier Lagrave,M (2794)-Leko,P (2679) Germany 2017}) 13. b4 Kh8 14. Bd2 Nce7 15. b5 axb5 16. axb5 c6 17. Ng3 Be8 18. Bxd5 cxd5 {Die Stellung ist ausgeglichen.} 19. c4 Bc5 20. Rxa8 Qxa8 21. d4 exd4 22. Nxd4 Bxd4 23. Rxe7 {[#] Droht stark Lh6!} Bc5 24. Rc7 Bb6 25. Re7 Bc5 26. Rc7 Bb6 27. Re7 {Precision: Weiß = 74%, Schwarz = 81%.} 1/2-1/2

[Event "9th London Chess Classic 2017"]
[Site "London"]
[Date "2017.12.10"]
[Round "8"]
[White "So, Wesley"]
[Black "Karjakin, Sergey"]
[Result "1/2-1/2"]
[WhiteElo "2788"]
[BlackElo "2760"]
[Annotator "TA"]
[PlyCount "112"]
[EventDate "2017.??.??"]
[EventCountry "ENG"]
[SourceTitle "playchess.com"]
[Source "ChessBase"]
[SourceQuality "1"]

{[%evp 26,112,0,4,10,11,16,15,22,22,22,22,22,15,21,18,22,28,21,25,47,21,20,0,33,36,43,13,18,13,13,20,27,13,13,13,14,13,19,0,16,17,17,25,21,21,18,16,17,17,19,17,47,21,21,19,18,28,32,8,10,8,8,8,8,8,12,8,8,8,8,8,8,8,8,8,8,8,8,8,8,8,8,8,8,0,8,-8,8]} 1. d4 Nf6 2. c4 e6 3. g3 Bb4+ 4. Bd2 Be7 5. Nf3 d5 6. Bg2 O-O 7. O-O Nbd7 8. Qc2 c6 9. Bf4 b6 10. cxd5 cxd5 11. Rc1 {E08: Katalanisch} Bb7 12. Qb3 Rc8 13. Rxc8 Qxc8 14. Nc3 {LiveBook: 3 Partien} Nh5 15. Bg5 Bxg5 16. Nxg5 Nhf6 17. e3 Qb8 18. Bf1 Rc8 {[#]} 19. a4 $146 h6 20. Nf3 Ne4 21. a5 Bc6 22. axb6 Nxc3 23. Qxc3 Nxb6 24. Qa3 Rc7 25. Ne5 Be8 26. Qb4 (26. Qa5 {is interesting.} Nd7 27. Nd3 Nf6 28. b3 Ne4 29. Bg2) 26... Nd7 {[%cal Bb6d7,Bd7b8,Bb8c6][%mdl 32]} 27. Qxb8 Nxb8 28. Nd3 Rb7 29. Ra2 Nc6 30. Nc5 Rb6 31. b3 Kf8 32. Ba6 Nb4 33. Ra3 Nxa6 34. Nxa6 $11 {[%mdl 4096] Endspiel KTL-KTS} Bb5 35. Nc5 a6 36. f4 Ke7 37. Kf2 f6 38. g4 Rc6 39. Ra2 g5 40. Rc2 Rc8 41. Kg3 gxf4+ 42. exf4 e5 {Die Stellung ist ausgeglichen.} 43. fxe5 fxe5 44. dxe5 d4 {[#] Und weiter mit ...d3 wäre nett.} 45. Rc1 Rd8 46. Nb7 Rd5 47. Rc5 Ke6 {...d3 ist eine echte Drohung.} 48. Kf4 {[#] Und Ke4 würde nun gewinnen.} d3 49. Rxd5 Kxd5 {KL-KS} 50. Ke3 Kxe5 51. h4 d2 52. Kxd2 Kf4 53. g5 $1 {[%cal Rg5h6]} hxg5 54. hxg5 Kxg5 55. Nc5 Kf6 56. Nxa6 Ke5 {Precision: Weiß = 67%, Schwarz = 76%.} 1/2-1/2

[Event "9th London Chess Classic 2017"]
[Site "London"]
[Date "2017.12.10"]
[Round "8"]
[White "Nakamura, Hikaru"]
[Black "Caruana, Fabiano"]
[Result "1/2-1/2"]
[WhiteElo "2781"]
[BlackElo "2799"]
[Annotator "TA"]
[PlyCount "85"]
[EventDate "2017.??.??"]
[EventCountry "ENG"]
[SourceTitle "playchess.com"]
[Source "ChessBase"]
[SourceQuality "1"]

{[%evp 26,85,0,0,24,16,36,35,16,0,0,0,0,0,0,0,0,0,6,7,22,0,6,6,0,0,0,0,0,0,0,0,0,0,0,0,0,0,0,0,6,0,0,0,0,0,0,0,0,0,7,0,0,0,0,0,0,0,0,0,0,0]} 1. d4 Nf6 2. c4 e6 3. Nc3 Bb4 4. Qc2 O-O 5. Nf3 c5 6. dxc5 Na6 {[%cal Bb8a6,Ba6c5,Bc5e4][%mdl 32]} 7. g3 Nxc5 8. Bg2 Nce4 9. O-O Nxc3 10. bxc3 Be7 11. e4 d6 12. e5 dxe5 13. Nxe5 Qc7 14. Qe2 Nd7 {E39: Nimzo-Indian: Classical: 4...c5 5 dxc5 0-0} 15. Bf4 Nxe5 16. Bxe5 Bd6 {White is slightly better.} 17. Rfe1 {The position is equal.} Rb8 18. Rad1 Bxe5 $1 19. Qxe5 Qxe5 20. Rxe5 b6 21. c5 {[%cal Bc4c5,Bc5c6,Bc6d7][%mdl 32] [#] With the idea c6.} Ba6 $146 ({Predecessor:} 21... f6 22. cxb6 axb6 {1-0 (55) Navara,D (2730)-Caruana,F (2787) Wijk aan Zee 2016}) 22. c6 {next c7 is good for White.} Rbc8 23. Rd7 Rfd8 24. Re4 Rxd7 25. cxd7 $11 {[%mdl 4096] Endgame KRB-KRB} Rd8 26. Ra4 $1 {[%cal Ra4a6]} Bb5 27. Rxa7 Kf8 28. Bf1 Bxd7 29. Rb7 e5 30. Bc4 b5 31. Bxb5 Be6 $1 32. c4 Rd1+ 33. Kg2 Rc1 34. a4 {Threatens to win with a5.} Bxc4 {[#] And now ...Bd5+ would win.} 35. Bxc4 Rxc4 {KR-KR} 36. a5 {Hoping for a6.} Ra4 37. Ra7 e4 38. Ra8+ Ke7 39. a6 Kf6 40. g4 e3 41. fxe3 {aiming for Kg3.} Rxg4+ 42. Kf3 Ra4 43. a7 {Precision: White = 53%, Black = 88%.} 1/2-1/2

[Event "9th London Chess Classic 2017"]
[Site "London"]
[Date "2017.12.10"]
[Round "8"]
[White "Adams, Michael"]
[Black "Aronian, Levon"]
[Result "1/2-1/2"]
[WhiteElo "2715"]
[BlackElo "2805"]
[Annotator "TA"]
[PlyCount "53"]
[EventDate "2017.??.??"]
[EventCountry "ENG"]
[SourceTitle "playchess.com"]
[Source "ChessBase"]
[SourceQuality "1"]

{[%evp 30,53,8,0,0,5,0,-11,-12,-12,-13,-31,-7,-12,0,-10,0,0,0,0,0,0,0,0,0,0]} 1. e4 e5 2. Nf3 Nc6 3. Bb5 Nf6 4. O-O Nxe4 5. Re1 Nd6 6. Nxe5 Be7 7. Bf1 Nxe5 8. Rxe5 O-O 9. d4 Bf6 10. Re1 Nf5 11. c3 d5 {C67: Ruy Lopez: Berlin Defence: 4 0-0 Nxe4} 12. Bf4 c6 13. Nd2 Nh4 14. Bd3 Bf5 15. Bxf5 Nxf5 16. Nf3 {LiveBook: 11 Games} Qd7 {[#]} 17. Ne5 $146 ({Predecessor:} 17. Qd3 Rae8 18. h3 Nh4 19. Nxh4 Bxh4 {½-½ (33) Zhao,J (2616)-Wang,Y (2706) China 2017}) 17... Bxe5 18. Rxe5 f6 19. Re1 Rfe8 20. Qd3 Rxe1+ 21. Rxe1 {The position is equal.} Re8 22. Re2 Rxe2 23. Qxe2 Kf7 24. Qh5+ Kg8 25. Qe2 Kf7 26. Qh5+ Kg8 27. Qe2 1/2-1/2

[Event "9th London Chess Classic 2017"]
[Site "London"]
[Date "2017.12.11"]
[Round "9"]
[White "Aronian, Levon"]
[Black "Carlsen, Magnus"]
[Result "0-1"]
[WhiteElo "2805"]
[BlackElo "2837"]
[Annotator "TA"]
[PlyCount "106"]
[EventDate "2017.??.??"]
[EventCountry "ENG"]
[SourceTitle "playchess.com"]
[Source "ChessBase"]
[SourceQuality "1"]

{[%evp 10,106,26,35,30,9,9,6,11,9,9,9,7,2,13,8,8,8,28,27,29,22,29,25,52,52,59,60,70,72,85,70,76,50,46,50,92,59,62,65,65,70,86,51,33,30,45,45,46,53,56,66,54,57,57,57,84,46,80,46,80,0,0,0,0,0,0,0,0,-128,-143,-146,-133,-157,-150,-152,-141,-191,-185,-300,-257,-293,-287,-639,-637,-606,-604,-882,-887,-802,-834,-1070,-1057,-1023,-846,-29992,-839,-800,-793]} 1. d4 e6 2. Nf3 c5 3. g3 cxd4 4. Nxd4 Qb6 (4... Nf6 5. Bg2 a6 6. O-O Qc7 7. e4 d6 8. Nc3 Be7 9. h3 Nc6 10. Nde2 b5 11. a3 O-O 12. g4 Nd7 13. g5 Re8 14. Ng3 Bf8 15. h4 Bb7 16. h5 g6 17. f4 {1-0 (37) Sjugirov,S (2650)-Alekseev,E (2622) Sochi 2017}) 5. Bg2 Bc5 6. e3 {LiveBook: 9 Games. A43: Schmid Benoni} d5 7. Qg4 Bf8 8. O-O {The position is equal.} Nf6 9. Qe2 e5 $146 ({Predecessor:} 9... Bd7 10. b3 Nc6 11. Bb2 Nxd4 12. Bxd4 {0-1 (48) Salo,H (2267)-Lehtinen,H (2408) Finland 2013}) 10. Qb5+ Bd7 11. Qxb6 axb6 12. Nb3 Nc6 13. Bd2 Bd6 14. Nc3 Ne7 15. a4 O-O 16. Nb5 Bxb5 17. axb5 Rac8 18. Bc3 h5 19. Rfd1 Rfd8 20. Nd2 {[%cal Bb3d2,Bd2f3,Bf3g5][%mdl 32]} h4 21. Nf3 hxg3 22. hxg3 e4 23. Ng5 Ng6 24. Ra7 Rb8 25. Bd4 {Strongly threatening c4.} Bc5 26. Bxc5 bxc5 {[#]} 27. c4 $1 {[%mdl 512] Hoping for cxd5.} Ne7 $1 (27... dxc4 28. Rxd8+) 28. cxd5 Nc8 $1 {[%cal Rc8a7]} 29. Ra4 Nb6 $1 {[%cal Rb6a4]} 30. Ra3 Nc4 31. Rc3 $1 {[%cal Rc3c4]} ({Of course not} 31. Nxe4 $6 Nxe4 32. Bxe4 Nxa3 $15) 31... Nd6 32. Rxc5 Ra8 33. Bh3 Re8 {and if ...Re5 works, Black does fine.} 34. Rc7 {Black must now prevent Nxf7.} Kf8 $1 35. b6 (35. Bf1 $16) 35... Re5 $11 36. Ne6+ fxe6 37. dxe6 Nfe8 $1 {[%cal Re8c7]} 38. Rd7 Raa5 39. b4 (39. R1xd6 $11 {remains equal.} Nxd6 40. Rxd6) 39... Rad5 $17 40. Ra1 {[#]} Rb5 $1 41. Ra8 {aiming for Rxd6.} Rxb6 42. Bg4 {[#]} Rd5 $1 43. Kg2 Rxb4 44. Ra1 (44. Kh3 $142) 44... Rbb5 45. Be2 Rb2 46. Bg4 $2 (46. Rh1 Kg8 47. Rd1 Rxd1 48. Bxd1) 46... Rdd2 $19 47. Kh3 {White hopes to continue with Bh5.} Rxf2 {[%csl Gb2][%cal Rf2h2]} 48. Kh4 Rh2+ 49. Bh3 {[#]} g5+ $1 50. Kh5 (50. Kxg5 Rxh3) 50... Rxh3+ 51. Kg6 Rf2 52. e7+ Kg8 {( -> ...Nf7)} 53. Rxd6 Rh7 {Precision: White = 46%, Black = 72%.} 0-1

[Event "9th London Chess Classic 2017"]
[Site "London"]
[Date "2017.12.11"]
[Round "9"]
[White "Caruana, Fabiano"]
[Black "Adams, Michael"]
[Result "1-0"]
[WhiteElo "2799"]
[BlackElo "2715"]
[Annotator "TA"]
[PlyCount "135"]
[EventDate "2017.??.??"]
[EventCountry "ENG"]
[SourceTitle "playchess.com"]
[Source "ChessBase"]
[SourceQuality "1"]

{[%evp 10,135,6,-4,20,9,18,3,6,4,0,6,9,-41,-39,-48,7,-25,-14,-21,-24,-28,-20,-29,0,-8,0,0,0,0,6,0,0,0,0,0,0,0,0,0,0,0,0,0,0,-19,0,0,0,0,0,0,0,-15,-7,-5,0,0,0,0,14,14,8,16,8,16,34,40,39,43,54,52,60,54,54,52,60,69,198,153,150,122,121,124,160,181,169,159,159,176,162,76,83,83,91,95,95,95,86,77,92,0,6,37,8,14,207,164,749,680,713,740,742,719,633,563,12837,12838,12838,12839,12839,12839,12841,12842,12842,12843,12841,12838]} 1. c4 Nf6 2. Nc3 e5 3. Nf3 Nc6 4. g3 d5 5. cxd5 Nxd5 6. Bg2 Bc5 {A29: English Opening: Four Knights Variation with 4 g3} (6... Nb6 7. O-O Be7 8. a3 O-O 9. b4 Be6 10. Rb1 f6 11. b5 Nd4 12. e3 Nxf3+ 13. Bxf3 Rb8 14. d4 exd4 15. exd4 Re8 16. Re1 Bf7 17. a4 Bf8 18. Rxe8 Qxe8 {½-½ (27) Nepomniachtchi,I (2751)-Karjakin,S (2783) chess.com INT 2017}) 7. O-O O-O 8. d3 Re8 {The position is equal.} 9. Ng5 Nf6 $146 ({Predecessor:} 9... Nxc3 10. bxc3 Be7 11. Ne4 Be6 12. Be3 f5 13. Nc5 Bxc5 14. Bxc5 Bd5 {1-0 (47) Von Wantoch Rekowski,D (2242)-Lochte,T (2170) Munich 2007}) 10. Qb3 {Threatens to win with Be3.} Qe7 11. Nd5 Nxd5 12. Bxd5 Nd8 (12... Nd4 $15 13. Bxf7+ Kh8) 13. Qc4 Bd4 14. Bg2 h6 15. Nf3 Nc6 16. Be3 {[%cal Rf3d4]} Bxe3 17. fxe3 e4 18. dxe4 a5 19. a3 Ra6 {[%cal Ba8a6,Ba6b6,Bb6b3][%mdl 32]} 20. Rac1 Rb6 21. Rc2 Be6 22. Qc3 Rb3 23. Qd2 Rd8 24. Qc1 a4 25. Rc5 Rd7 26. h3 Qd8 27. g4 g6 28. Kh1 Kg7 29. e5 Bd5 30. Kg1 Be6 31. Kf2 Qe7 32. Kg1 Rd5 33. Rc4 Ra5 34. Rc2 Bd5 35. Nd4 Nxd4 $1 36. exd4 Rg3 $132 {[%mdl 2048] [#] Black is fighting back} 37. Rf3 $1 {[%mdl 512]} Bxf3 38. exf3 c6 39. Kh2 Rxg2+ 40. Kxg2 $14 {[%mdl 4096] Endgame KQR-KQR} Rd5 41. Rc4 c5 42. Rxc5 Rxd4 43. Qc3 Qd8 (43... Rd3 $14 44. Qxd3 Qxc5) 44. Rc8 Qb6 45. Re8 g5 46. Re7 Kg8 47. e6 fxe6 48. Qc2 {White wants to mate with Qh7+.} Kf8 49. Rh7 Qc6 {[#]} 50. Qxc6 (50. Rh8+ $1 $18 {has better winning chances.} Ke7 51. Qh7+ Kd6 52. Rd8+ (52. Qxh6 Qc2+ 53. Kg3 Qd1 $15) 52... Kc5 53. Qc2+ Rc4 54. Qd3) 50... bxc6 51. Rxh6 $18 {KR-KR} Kf7 52. Kg3 Rd2 53. Rh7+ Kf6 54. Rb7 Ke5 55. h4 (55. Rg7 $16) 55... gxh4+ $11 56. Kxh4 {And now g5 would win.} Kf4 {[%cal Rd2h2]} 57. Rf7+ Ke3 $2 {[#]} (57... Ke5 $1 $11 {and Black has nothing to worry.}) 58. Kg3 $1 $18 Rd1 $2 (58... c5) 59. g5 {[%cal Bg4g5,Bg5g6,Bg6g7][%mdl 32] White is clearly winning.} Rg1+ 60. Kh4 Rg2 61. Rf6 e5 62. g6 Rxb2 63. Kg5 Rg2+ 64. Kh6 Rh2+ 65. Kg7 c5 66. Kf7 c4 67. g7 Rh7 68. Ra6 {Precision: White = 74%, Black = 59%.} 1-0

[Event "9th London Chess Classic 2017"]
[Site "London"]
[Date "2017.12.11"]
[Round "9"]
[White "Anand, Viswanathan"]
[Black "So, Wesley"]
[Result "0-1"]
[WhiteElo "2782"]
[BlackElo "2788"]
[Annotator "TA"]
[PlyCount "66"]
[EventDate "2017.??.??"]
[EventCountry "ENG"]
[SourceTitle "playchess.com"]
[Source "ChessBase"]
[SourceQuality "1"]

{[%evp 9,66,28,27,19,14,14,29,0,0,-17,7,0,0,0,0,0,0,0,0,0,0,0,0,-9,0,-8,0,0,0,0,0,-13,-8,-11,-10,-6,-8,-20,-11,-40,-35,-33,-30,-45,-57,-49,-18,-293,-313,-343,-365,-364,-133,-265,-266,-295,-280,-289,-286]} 1. e4 e5 2. Nf3 Nc6 3. Bc4 Bc5 4. O-O Nf6 5. d3 O-O 6. a4 {C50: Hungarian Defence and Giuoco Pianissimo} (6. h3 d6 7. c3 a5 8. Re1 h6 9. Nbd2 Be6 10. Bb5 Qb8 11. Nf1 Qa7 12. Be3 Bxe3 13. Nxe3 Ne7 14. a4 Ng6 15. Bc4 Bxc4 16. Nxc4 {½-½ (44) Carlsen,M (2837)-Ding,L (2774) Saint Louis 2017}) 6... h6 (6... a6 7. c3 d5 8. exd5 Nxd5 9. Re1 Bg4 10. h3 Bh5 11. Nbd2 Nb6 12. Ba2 Qxd3 13. a5 Bxf3 14. Nxf3 Qxd1 15. Rxd1 {½-½ (33) Anand,V (2786)-So,W (2812) Stavanger 2017}) 7. c3 a5 8. Nbd2 {White has an edge.} d6 9. h3 Be6 10. Re1 Bxc4 11. Nxc4 Re8 12. Be3 Bxe3 13. Nxe3 Qd7 14. Qb3 {[#]} Ne7 $146 ({Predecessor:} 14... b6) 15. Nc4 Ng6 16. Rad1 b6 17. Qc2 d5 18. exd5 Qxd5 19. b3 Rad8 20. d4 exd4 21. Rxd4 Rxe1+ 22. Nxe1 Qa8 23. Rxd8+ Qxd8 24. Qd3 Qe7 25. Nc2 Nf4 26. Qd2 $1 {[%cal Rd2f4]} N6d5 27. Kf1 {[#]} Nxc3 $1 $40 {[%mdl 640] Black attacks.} 28. N4e3 $2 {[%mdl 8192]} (28. Nxb6 $1 $11 cxb6 29. Qxc3) (28. Qxc3 Qe2+) 28... Ne4 $19 29. Qd4 c5 30. Qd1 Qf6 $2 (30... Qh4 $19 {[%csl Ge4][%cal Rh4f2] and Black stays clearly on top.} 31. Ng4 {[#]} Nxh3 $1 {[%mdl 512]} 32. gxh3 Qxh3+ 33. Kg1 Nc3 34. Nxh6+ gxh6) 31. Ng4 (31. Qd7 $17 Kh7 32. f3 Ng3+ 33. Kf2) 31... Qc3 {Black has a decisive advantage.} 32. Nce3 h5 {And now ...g6 would win.} 33. Nh2 Qb2 {Precision: White = 35%, Black = 67%.} 0-1